000 00611nam a2200181Ia 4500
003 GCL
008 140319s9999 xx 000 0 ara d
040 _aGCL /
_cGCL
082 0 4 _a229.5
_bم ت
100 1 _aمحمد الطيب النجار
245 1 0 _aتاريخ الانبياء فى ضوء القران الكريم والسنة النبوية /
_cمحمد الطيب النجار
260 _a[S.N] :
_bدار الكتب المصرية ،
_c1979
490 _a
650 0 4 _aالانبياء فى القرأن
650 0 4 _aالقران
650 0 4 _aالقصص القرآنية
942 _2ddc
_cBK
999 _c58686
_d58686